000 00641cab a2200205 4500
001 ABS48146
008 090401t1993 xxu||||| |||| 00| 0 eng d
035 _a(Sirsi) u65216
041 _aeng
100 _aChappell, D.
245 _aArchitects and the law
260 _c1993
350 _a0
490 _aArchitects` Journal
_v197(10) 10 March 1993, 38-40(3)
520 _aExamines recent case law involving architects, contractors and clients illustrating the complexities and pitfalls of contract administrations.
650 _aCLAIMS
690 _aBUILT ENVIRONMENT-BUILDING CONTRACT FORMS
942 _n0
948 _c04/03/1997
999 _c40665
_d40665